René Magritte, 1898-1967

Αποθηκεύτηκε σε:
Λεπτομέρειες βιβλιογραφικής εγγραφής
Κύριος συγγραφέας: Meuris, Jacques
Μορφή: Βιβλίο
Γλώσσα:English
German
Δημοσίευση: Köln : Taschen, c2007.
Θέματα:
Ετικέτες: Προσθήκη ετικέτας
Δεν υπάρχουν, Καταχωρήστε ετικέτα πρώτοι!

MARC

LEADER 00000cam a2200000 i 4500
001 1/71593
008 080121s2007 gw | ||| |||| ||eng||
020 |a 9783822836866 
035 |l 10093942 
040 |a GR-MyUa  |b gre  |e AACR2 
041 1 |a eng  |h ger 
082 7 |a 700.92   |2 (22) 
100 1 |a Meuris, Jacques. 
245 1 0 |a René Magritte, 1898-1967 /   |c Jacques Meuris ; English translation Michael Scuffil.  
246 1 |i Τίτλος εξωφύλλου:   |a Magritte 
260 |a Köln :   |b Taschen,   |c c2007.  
300 |a 216 εκ. :   |b εικ. ;   |c 21 εκ. 
504 |a Βιβλιογραφία: σ. 214.  
600 1 0 |a Magritte, René,   |d 1898-1967  |x Criticism and interpretation. 
600 1 0 |a Magritte, René,   |d 1898-1967  |x Catalogs. 
650 0 |a Surrealism  |z Belgium. 
852 |a INST  |b SYROS  |e 20080121  |h 700.92 MAG  |p 005500006693  |q 005500006693  |t BK  |y 0 
901 |a BIBL5-2008-1 
922 |a 5ΕΛΗ  |b 200711  |c ΕΠΕΑΕΚ2/ΤΜΣΠΣ  |d Παπασωτηρίου 
970 |a Κοντού  |b Παρασκευή  |z 21/01/2008